000 01079nam a22003257a 4500
001 BR0503465
003 BR-BrBNA
005 20230928101936.0
007 ta
008 230509b bl.||||| |||| 00| 0 por d
040 _aBR-BrBNA
_bpor
_cBiblioteca Nacional de Agricultura
041 _a(Por)
072 _aE50; E70; E14
090 _ E50 BR0503465
110 1 _aSociedade Brasileira de Economia e Sociologia Rural, Recife, PE (Brasil)
_99682
111 1 _a39. Congresso Brasileiro de Economia e Sociologia Rural
_cRecife, PE (Brazil)
_d5-8 Aug 2001
245 1 _aAnais do 39. Congresso Brasileiro de Economia e Sociologia Rural; competitividade globalização, impactos regionais e locais
260 3 _aRecife, PE (Brasil):
_c2001.
300 _a196 p.
650 _aSOCIOLOGIA RURAL
650 _aCOMERCIALIZAÇÃO
650 _aMERCADO
650 _aPREÇO
650 _aPOLÍTICA ECONÔMICA
650 _aREFORMA AGRÁRIA
650 _aDESENVOLVIMENTO RURAL INTEGRADO
650 _aAGRONEGÓCIO
909 _a202309
_bLucia
_c55
_dLucia Elande
942 _cBK
999 _c68335
_d68335